The international cyclopedia of music and musicians
Gespeichert in:
| 1. Verfasser: | |
|---|---|
| Format: | Buch |
| Sprache: | Spanisch |
| Veröffentlicht: |
Nueva York
Dodd, Mead
1938
|
| Schlagworte: | |
| Tags: |
Tag hinzufügen
Keine Tags, Fügen Sie den ersten Tag hinzu!
|
MARC
| LEADER | 00000nam a2200000 a 4500 | ||
|---|---|---|---|
| 001 | UCN1119 | ||
| 003 | CL-VaPUC | ||
| 008 | 010420e19380000US |||||||||||||||||spa|d | ||
| 082 | 0 | 4 | |a 780.3 |b THO |2 21 |
| 100 | 0 | |a Thompson, Oscar |e author |9 456523 | |
| 245 | 1 | 4 | |a The international cyclopedia of music and musicians |
| 300 | |a 2380 p | ||
| 942 | |c BK | ||
| 945 | |d 20010420 00:00:00 |a crobeson | ||
| 260 | |a Nueva York |b Dodd, Mead |c 1938 | ||
| 650 | 7 | |a MUSICA ENCICLOPEDIAS |2 CL-VaPUC |9 456524 | |
| 650 | 0 | |a Biobibliografías |9 412305 | |
| 650 | 0 | |a Músicos |9 306340 | |
| 650 | 0 | |a Compositores |9 306451 | |
| 650 | 0 | |a Musicología |9 306520 | |
| 650 | 0 | |a Teoría musical |9 265760 | |
| 583 | |a last modification |c 20010420 00:00:00 |k Rodrigo Vera | ||
| 999 | |c 294696 |d 294694 | ||
| 952 | |0 0 |1 0 |4 0 |6 780_300000000000000_THO_1938 |7 0 |8 F |9 347385 |a BIBEDU |b BIBEDU |d 2019-11-20 |i 1248197 |o 780.3 THO 1938 |p 1248197 |r 2023-01-12 |w 2019-11-20 |y BK_F |k MUS | ||